| 000 | 00433nam a2200109Ia 4500 | ||
|---|---|---|---|
| 008 | 160909s9999 xx 000 0 und d | ||
| 100 | _aChanchang, Johnny C. | ||
| 245 | 4 | _aThe next generation of leaders in law enforcement: Critical characteristics, competencies, and professional experiences | |
| 260 |
_bPepperdine University _c2016 |
||
| 650 | _aENTREPRENEURSHIP | ||
| 856 | _uhttp://pqdtopen.proquest.com/doc/1802529384.html?FMT=ABS | ||
| 999 |
_c304446 _d304446 |
||